Statistiche per Personaggi della Divina Commedia - Inferno

Clicka qui per fare il quiz!

Statistiche generali

  • Questo quiz è stato fatto 177 volte
  • Il punteggio medio è 11 su 22

Statistiche sulle risposte

DescrizionePersonaggio% Corretto
Protagonista del viaggio nell'aldilà, all'inizio del poema si perde nella foresta oscuraDante Alighieri
99%
Grande poeta latino, guida del protagonista nel viaggio all'infernoPublio Virgilio Marone
99%
Traghettatore delle anime sul fiume AcheronteCaronte
92%
Anima relegata nel girone dei lussuriosi assieme a quella del suo amante: Paolo MalatestaFrancesca da Rimini
91%
Angelo che si ribellò a Dio, venendo scagliato sulla terra, sovrano dell'inferno e origine del maleLucifero
83%
Traditore di Gesù Cristo, masticato eternamente dal demonioGiuda Iscariota
75%
Traditore di Giulio Cesare, masticato eternamente dal demonioMarco Giunio Bruto
73%
Re cretese che indica alle anime dannate in quale girone devono scontare la loro pena eternaMinosse
71%
Eroe greco che sconta la pena assieme a Diomede tra i consiglieri fraudolentiUlisse
69%
Conte pisano, morto di fame, che rode il cranio del vescovo Ruggeri, suo uccisore, nel CocitoUgolino della Gherardesca
57%
Traditore di Giulio Cesare, Masticato eternamente dal demonioGaio Cassio Longino
54%
Fiorentino che si trova nel girone dei golosi, lancia un'invettiva contro la politica di FirenzeCiacco
40%
Politico ghibellino fiorentino relegato tra gli eretici assieme a Cavalcante CavalcantiFarinata degli Uberti
37%
Maestro del protagonista e letterato, autore del "Tresor" e dannato coi sodomitiBrunetto Latini
31%
Poeta suicida, tramutato in un cespuglioPier delle Vigne
28%
Mostro simbolo dell'avarizia che si esprime in una lingua ignotaPluto
22%
Diavolo che traghetta le anime sulla palude dello StigeFlegiàs
18%
Capo delle Malebranche, i diavoli a guardia della bolgia dei barattieriMalacoda
13%
Centauro che porta i pellegrini sull'altra sponda del FlegetonteNesso
12%
Mostro chimerico che trasporta i pellegrini dal settimo all'ottavo cerchioGerione
8%
Angelo inviato dal paradiso per aprire ai due pellegrini le porte della città di DiteMesso celeste
7%
Gigante che trasporta i pellegrini sul fondo dell'InfernoAnteo
6%

Distribuzione punteggi

Percentile per numero di risposta

Percentuale di utenti per punteggio

I tuoi punteggi nel tempo

Non hai fatto questo quiz